000 02092cam a22004454i 4500
003 PE-LiUPU
005 20250731165431.0
008 160218s2011 pe a grm 000 0 spa d
035 _a(Sirsi) a156228
040 _aPE-LiUPU
_bspa
_cPE-LiUPU
_erda
099 _aTE 2
_bP19 2011
100 1 _aPalma Asencios, Justino Ricardo
_eautor
245 1 _aDesnutrición crónica en la etapa escolar y su relación con el nivel del coeficiente intelectual de los estudiantes del 6to grado, secciones "A" "B" "C" y "D" del nivel primario de la Institución Educativa N° 0058 "Cusco" de moyopampa - Chosica 2011 /
_cJustino Ricardo Palma Asencios.
264 0 _c2011.
300 _a112 hojas
_c30 cm
336 _atext
_2rdacontent
337 _aunmediated
_2rdamedia
338 _avolume
_2rdacarrier
502 _aTesis
_b(Lic.) --
_cUniversidad Peruana Unión,
_d2011.
504 _aIncluye referencias
520 3 _aLa investigación es de tipo cuantitativo, de diseño no experimental transversal de alcance descriptivo, y correlacional. Tiene por objetivo determinar la relación de la desnutrición crónica en la etapa escolar con el coeficiente intelectual de los estudiantes del 6° grado, secciones "A", "B", "C" y "D" del nivel primario de la I.E. N° 0058 "Cusco" en Moyopampa-Chosica. La muestra estuvo constituida por 107 estudiantes de la institución ya mencionada del 6° grado del nivel primaria. Para la obtención de la información se utilizaron 2 instrumentos: Test de Raven y ficha de diagnostico nutricional.
526 _aSEG44
526 _aSEG26
526 _aP151
526 _aP150
526 _aP149
526 _aP146
526 _aP145
526 _aP126
526 _aP125
526 _aP92
526 _aP75
526 _aP74
526 _aP27
526 _aP15
650 0 4 _aDesnutrición infantil
_xCociente intelectual.
596 _a1
942 _2ddc
_cTESIS
999 _aTE 2 P19 2011
_wALPHANUM
_c8911
_iT01266
_d8911
_lCCODEBUL3
_mBUL
_q1
_r1
_sY
_tTESIS
_u2016-2-18
_xEDUCACION
_PP20
_o.STAFF. Tesis
980 _81
_gALBERTO SANCHEZ Responsable de Automatización